00498nam a2200193 a 4500001001300000003000900013005001700022008004100039020000900080082001300089100001900102245003100121260004900152300000900201500003500210505001000245650003000255700001900285nice12345678IN_TiNIC20260116012219.0070405s0000 newa grp 000 0 eng  ac5000a201bMAT aMathews, Basil aJohn R. Mott World Citizen aNew York bHarper Bromer`s Publishers c0000 a469p aincludes index and biblioraphy2 aIndex aChristian-Biography-India1 aMathews, Basil